| 000 | 00394nam a22001337a 4500 | ||
|---|---|---|---|
| 082 |
_a604.2 _bCRO |
||
| 100 |
_aCrook, B.S, Thurman C _940619 |
||
| 245 |
_aSimplified Mechanical Drawing _cThurman C, Crook, B |
||
| 260 |
_aLondon: _bmacgraw-Hill Book Company Inc, _c1946. |
||
| 300 |
_a174.: _bill,; _c15 cm. |
||
| 526 |
_a0 _b0 _c0 _d604_200000000000000_CRO |
||
| 650 |
_aMCE _9379 |
||
| 942 |
_2ddc _cBK |
||
| 999 |
_c544872 _d544872 |
||